| 000 | 00571nam a2200181Ia 4500 | ||
|---|---|---|---|
| 003 | IN-BaIIA | ||
| 008 | 211028s9999 xx 000 0 eng d | ||
| 040 | _cIIA Library | ||
| 080 |
_a524 _bALL |
||
| 100 |
_aAller, H Lawrence _92670 |
||
| 245 | 0 |
_aAstrophysics _bthe atmospheres of the sun and stars _cH Lawrence Aller |
|
| 260 |
_aNew York _bThe Donald Press _c1953 |
||
| 300 | _aix, 412p. | ||
| 650 | _aAstronomy and Astrophysics Thesaurus | ||
| 650 |
_aAstrophysics _9794 |
||
| 650 |
_aStellar Atmospheres _91135 |
||
| 942 | _cBK | ||
| 999 |
_c1287 _d1287 |
||